UBT Library

Everyday Mathematics/ (Record no. 421)

000 -LEADER
fixed length control field 00481nam a22001817a 4500
005 - DATE AND TIME OF LATEST TRANSACTION
control field 20151021063522.0
008 - FIXED-LENGTH DATA ELEMENTS--GENERAL INFORMATION
fixed length control field 140313b xxu||||| |||| 00| 0 eng d
020 ## - INTERNATIONAL STANDARD BOOK NUMBER
International Standard Book Number 1570399190
080 ## - UNIVERSAL DECIMAL CLASSIFICATION NUMBER
Universal Decimal Classification number 510.2
245 ## - TITLE STATEMENT
Title Everyday Mathematics/
250 ## -
-- 1 st.ed.;
260 ## -
-- New York,
-- McGraw Hill,
-- 2002,
300 ## -
-- 404 f.:
-- me il.;
-- 28 cm,
500 ## -
-- Përfshin indeksin f. 395-404
650 ## -
-- Bazat e Matematikës,
650 ## -
-- Matematika Elementare,
942 ## - ADDED ENTRY ELEMENTS (KOHA)
Source of classification or shelving scheme
Item type Books
Holdings
Withdrawn status Lost status Source of classification or shelving scheme Damaged status Not for loan Collection code Permanent location Current location Shelving location Date acquired Total Checkouts Full call number Barcode Date last seen Price effective from Koha item type
          Koleksioni i përgjithshem UBT - Ferizaj UBT - Ferizaj Koleksioni i përgjithshem 03/13/2014   510.2 EVE 003000169 03/13/2014 03/13/2014 Books
          Koleksioni i përgjithshem UBT - Ferizaj UBT - Ferizaj Koleksioni i përgjithshem 03/13/2014   510.2 EVE 003000170 03/13/2014 03/13/2014 Books
          Koleksioni i përgjithshem UBT - Ferizaj UBT - Ferizaj Koleksioni i përgjithshem 03/13/2014   510.2 EVE 003000171 03/13/2014 03/13/2014 Books
          Koleksioni i përgjithshem UBT - Ferizaj UBT - Ferizaj Koleksioni i përgjithshem 03/13/2014   510.2 EVE 003000172 03/13/2014 03/13/2014 Books
          Koleksioni i përgjithshem UBT - Ferizaj UBT - Ferizaj Koleksioni i përgjithshem 03/13/2014   510.2 EVE 003000173 03/13/2014 03/13/2014 Books
          Koleksioni i përgjithshem UBT - Ferizaj UBT - Ferizaj Koleksioni i përgjithshem 03/13/2014   510.2 EVE 003000174 03/13/2014 03/13/2014 Books
          Koleksioni i përgjithshem UBT - Ferizaj UBT - Ferizaj Koleksioni i përgjithshem 03/13/2014   510.2 EVE 003000175 03/13/2014 03/13/2014 Books
          Koleksioni i përgjithshem UBT - Ferizaj UBT - Ferizaj Koleksioni i përgjithshem 03/13/2014   510.2 EVE 003000176 03/13/2014 03/13/2014 Books
          Koleksioni i përgjithshem UBT - Ferizaj UBT - Ferizaj Koleksioni i përgjithshem 03/13/2014   510.2 EVE 003000177 03/13/2014 03/13/2014 Books
          Koleksioni i përgjithshem UBT - Ferizaj UBT - Ferizaj Koleksioni i përgjithshem 03/13/2014   510.2 EVE 003000178 03/13/2014 03/13/2014 Books
          Koleksioni i përgjithshem UBT - Lipjan UBT - Lipjan Koleksioni i përgjithshem 10/15/2015   510.2 EVE 002-008431 10/15/2015   Books
          Koleksioni i përgjithshem UBT - Lipjan UBT - Lipjan Koleksioni i përgjithshem 10/21/2015   510.2 EVE 002-008430 10/21/2015 10/21/2015 Books
          Koleksioni i përgjithshem UBT - Lipjan UBT - Lipjan Koleksioni i përgjithshem 12/03/2015   510.2 EVE 002-008667 12/03/2015 12/03/2015 Books
          Koleksioni i përgjithshem UBT - Lipjan UBT - Lipjan Koleksioni i përgjithshem 12/03/2015   510.2 EVE 002-008668 12/03/2015 12/03/2015 Books
UBT Library © 2015-2024. All rights reserved University Education for Business and Technology